00544 2200181 4500001002100000005001700021008004100038020002200079035002900101090001400130100000800144245009000152250001000242260004200252300002800294650001600322990002400338INLIS00000000002225920140307094048.0  a978-979-22-386-31 a##a0010-031400000000081 a153 Sgm s aSgm aSuper Great MemorybMetode Lengkap dan Praktis untuk Melejitkan Daya Ingat Super Anda acet 2 aJakartabGramedia Pustaka Utamac2008 axxiii + 247 hlm ; 21 cm aIntelegensi a30283/pusdacil/2014